Memoria hechizada : (Record no. 576)

MARC details
000 -LEADER
campo de control de longitud fija 00727cam a22002297a 4500
001 - NÚMERO DE CONTROL
campo de control 4524038
005 - FECHA Y HORA DE LA ÚLTIMA TRANSACCIÓN
campo de control 20220326193321.0
008 - DATOS DE LONGITUD FIJA--INFORMACIÓN GENERAL
campo de control de longitud fija 990311s1997 cr a 000 1 spa
010 ## - NÚMERO DE CONTROL DE LA BIBLIOTECA DEL CONGRESO
Número de control de LC 99182883
020 ## - NÚMERO INTERNACIONAL ESTÁNDAR DEL LIBRO
Número Internacional Estándar del Libro 9977968055
040 ## - FUENTE DE CATALOGACIÓN
Centro catalogador/agencia de origen DLC
Centro/agencia transcriptor DLC
082 ## - NÚMERO DE LA CLASIFICACIÓN DECIMAL DEWEY
Número de clasificación CR 863.7
Número de ítem A 655m
100 1# - ENTRADA PRINCIPAL--NOMBRE DE PERSONA
Nombre de persona Apuy, Otto,
Fechas asociadas al nombre 1949-
9 (RLIN) 2597
245 10 - MENCIÓN DEL TÍTULO
Título Memoria hechizada :
Resto del título narrativa /
Mención de responsabilidad, etc. Otto Apuy.
250 ## - MENCION DE EDICION
Mención de edición 1. ed.
260 ## - PUBLICACIÓN, DISTRIBUCIÓN, ETC.
Lugar de publicación, distribución, etc. San José, Costa Rica :
Nombre del editor, distribuidor, etc. Premiá Editores,
Fecha de publicación, distribución, etc. 1997.
300 ## - DESCRIPCIÓN FÍSICA
Extensión 113 p. :
Otras características físicas ill. ;
Dimensiones 21 cm.
650 ## - PUNTO DE ACCESO ADICIONAL DE MATERIA--TÉRMINO DE MATERIA
Subdivisión general Literatura
-- Ficción
-- Literatura costarricense
-- S.20
Subdivisión geográfica Costa Rica
9 (RLIN) 2598
700 ## - ENTRADA AGREGADA--NOMBRE PERSONAL
Nombre de persona Otto Apuy
9 (RLIN) 2599
906 ## - ELEMENTOS DE DATOS F LOCAL, LDF (RLIN)
a 7
b cbc
c orignew
d 4
e ncip
f 19
g y-gencatlg
Holdings
Estatus retirado Estado de pérdida Fuente del sistema de clasificación o colocación Estado de daño No para préstamo Biblioteca de origen Biblioteca actual Ubicación en estantería Fecha de adquisición Total de préstamos Signatura topográfica completa Código de barras Visto por última vez Precio de reemplazo Tipo de ítem Koha
    Clasificación Decimal Dewey     Biblioteca LadoV Biblioteca LadoV   08/05/2015   CR 863.7 A 655m 000012 08/05/2015 08/05/2015 Material 01